Dosah zvýšenia minimálnej mzdy od 1. januára 2010

Rozhodnutie vlády o sume minimálnej mzdy. Základná suma mesačnej minimálnej mzdy. Základná suma hodinovej minimálnej mzdy. Vplyv zvýšenia minimálnej mzdy na ďalšie mzdové nároky zamestnanca. Minimálna výška priemerného zárobku zamestnanca. Praktické príklady.

Guardado en:
Detalles Bibliográficos
Autor principal: Mačuha, Miroslav
Formato: Capítulo de libro
Lenguaje:eslovaco
Materias:
Etiquetas: Agregar Etiqueta
Sin Etiquetas, Sea el primero en etiquetar este registro!

MARC

LEADER 00000naa$a2200000$$$4500
001 0107544
005 20231109100518.5
041 0 |a slo 
044 |a SK 
245 1 0 |a Dosah zvýšenia minimálnej mzdy od 1. januára 2010  |c Miroslav Mačuha 
520 |a Rozhodnutie vlády o sume minimálnej mzdy. Základná suma mesačnej minimálnej mzdy. Základná suma hodinovej minimálnej mzdy. Vplyv zvýšenia minimálnej mzdy na ďalšie mzdové nároky zamestnanca. Minimálna výška priemerného zárobku zamestnanca. Praktické príklady. 
610 2 0 |a mzdy minimálne 
610 2 0 |a zamestnanci 
610 2 0 |a zamestnávatelia 
610 2 0 |a legislatíva 
610 2 0 |a Slovensko 
100 1 |a Mačuha, Miroslav